Housing statistics, Great Britain (Record no. 413869)

000 -LEADER
fixed length control field 00504cam a22001217a 4500
008 - FIXED-LENGTH DATA ELEMENTS--GENERAL INFORMATION
fixed length control field 180718b1969 xxu||||| |||| 00| 0 eng d
082 ## - DEWEY DECIMAL CLASSIFICATION NUMBER
Classification number XA065x42 Un3
245 ## - TITLE STATEMENT
Title Housing statistics, Great Britain
Statement of responsibility, etc. by Scottish Development Department, Ministry Of Housing And Local Governement
260 ## - PUBLICATION, DISTRIBUTION, ETC.
Place of publication, distribution, etc. London
Name of publisher, distributor, etc. Her Majesty's Stationery Office
Date of publication, distribution, etc. 1969
300 ## - PHYSICAL DESCRIPTION
Extent vii, 95p
650 ## - SUBJECT ADDED ENTRY--TOPICAL TERM
Topical term or geographic name entry element Housing --Great Britain --Statistics.
700 ## - ADDED ENTRY--PERSONAL NAME
Personal name U.K. Ministry Of Housing And Local Governement. Scottish Development Department
Holdings
Withdrawn status Lost status Damaged status Not for loan Permanent Location Current Location Date acquired Full call number Barcode Date last seen Price effective from Koha item type
        Indian Institute of Public Administration Indian Institute of Public Administration 2009-02-19 XA065x42 Un3 DA1414 2018-07-21 2018-07-21 DA

Powered by Koha